000 00575nam a2200205Ia 4500
001 11897
003 GE_BSU
008 181216s||||||||xx |||||||||||||| ||und||
040 _cGE_BSU
080 _a581.8(076.5)
100 _aКомаров,В.Л.
245 _aПрактический курс анатомии растении
250 _aизд. 8
260 _aМосква
260 _bАкад.Наук СССР
260 _c1941
300 _a311стр.23см.
653 _aПрактический курс анатомии растении
942 _cBK
999 _c45074
_d45074